Civil Engineering Drawing & Design (Record no. 27109)

MARC details
000 -LEADER
fixed length control field 00369nam a22001577a 4500
003 - CONTROL NUMBER IDENTIFIER
control field OSt
005 - DATE AND TIME OF LATEST TRANSACTION
control field 20220114143309.0
008 - FIXED-LENGTH DATA ELEMENTS--GENERAL INFORMATION
fixed length control field 220114b |||||||| |||| 00| 0 eng d
020 ## - INTERNATIONAL STANDARD BOOK NUMBER
International Standard Book Number 8123910932
040 ## - CATALOGING SOURCE
Transcribing agency H.U
082 ## - DEWEY DECIMAL CLASSIFICATION NUMBER
Classification number 604.2
100 ## - MAIN ENTRY--PERSONAL NAME
Personal name Ghose
9 (RLIN) 28047
245 ## - TITLE STATEMENT
Title Civil Engineering Drawing & Design
260 ## - PUBLICATION, DISTRIBUTION, ETC.
Place of publication, distribution, etc. New Delhi
Name of publisher, distributor, etc. CBC
Date of publication, distribution, etc. 1987
942 ## - ADDED ENTRY ELEMENTS (KOHA)
Source of classification or shelving scheme Dewey Decimal Classification
Koha item type Books like text book referance book
Suppress in OPAC No
Holdings
Withdrawn status Lost status Source of classification or shelving scheme Damaged status Not for loan Home library Current library Shelving location Date acquired Total Checkouts Full call number Barcode Date last seen Copy number Price effective from Koha item type
    Dewey Decimal Classification     IoT Library IoT Library General Stacks 01/14/2022   604.2/GHO/1987 IOTL0005199 01/14/2022 1 01/14/2022 Books like text book referance book
    Dewey Decimal Classification     IoT Library IoT Library General Stacks 01/14/2022   604.2/GHO/1987 IOTL0005200 01/14/2022 2 01/14/2022 Books like text book referance book
    Dewey Decimal Classification     IoT Library IoT Library General Stacks 01/14/2022   604.2/GHO/1987 IOTL0005201 01/14/2022 3 01/14/2022 Books like text book referance book
    Dewey Decimal Classification     IoT Library IoT Library General Stacks 01/14/2022   604.2/GHO/1987 IOTL0005202 01/14/2022 4 01/14/2022 Books like text book referance book
    Dewey Decimal Classification     IoT Library IoT Library General Stacks 01/14/2022   604.2/GHO/1987 IOTL0005203 01/14/2022 5 01/14/2022 Books like text book referance book
    Dewey Decimal Classification     IoT Library IoT Library General Stacks 01/14/2022   604.2/GHO/1987 IOTL0005204 01/14/2022 6 01/14/2022 Books like text book referance book